LEADER 01091nam 2200397 450 001 996464448003316 005 20220330145320.0 010 $a3-030-72357-7 035 $a(CKB)4100000011982530 035 $a(MiAaPQ)EBC6679283 035 $a(Au-PeEL)EBL6679283 035 $a(OCoLC)1260819665 035 $a(PPN)258065532 035 $a(EXLCZ)994100000011982530 100 $a20220330d2021 uy 0 101 0 $aeng 135 $aurcnu|||||||| 181 $ctxt$2rdacontent 182 $cc$2rdamedia 183 $acr$2rdacarrier 200 10$aArtificial intelligence $ea textbook /$fCharu C. Aggarwal 210 1$aCham, Switzerland :$cSpringer,$d[2021] 210 4$dİ2021 215 $a1 online resource (496 pages) 311 $a3-030-72356-9 606 $aArtificial intelligence 615 0$aArtificial intelligence. 676 $a006.3 700 $aAggarwal$b Charu C.$0518673 801 0$bMiAaPQ 801 1$bMiAaPQ 801 2$bMiAaPQ 906 $aBOOK 912 $a996464448003316 996 $aArtificial Intelligence$92084146 997 $aUNISA LEADER 02550nam0 22005653i 450 001 VAN0275020 005 20240614112322.633 017 70$2N$a9783030843199 100 $a20240416d2021 |0itac50 ba 101 $aeng 102 $aCH 105 $a|||| ||||| 200 1 $aNew Perspectives in Algebra, Topology and Categories$eSummer School, Louvain-la-Neuve, Belgium, September 12-15, 2018 and September 11-14, 2019$fMaria Manuel Clementino, Alberto Facchini, Marino Gran editors 210 $aCham$cSpringer$d2021 215 $axi, 258 p.$cill.$d24 cm 410 1$1001VAN0275022$12001 $aCoimbra Mathematical Texts$1210 $aCham$cSpringer$cUniversidade de Coimbra$v1 606 $a55-XX$xAlgebraic topology [MSC 2020]$3VANC019672$2MF 606 $a13-XX$xCommutative algebra [MSC 2020]$3VANC019732$2MF 606 $a16-XX$xAssociative rings and algebras [MSC 2020]$3VANC019734$2MF 606 $a18-XX$xCategory theory; homological algebra [MSC 2020]$3VANC019745$2MF 606 $a54-XX$xGeneral topology [MSC 2020]$3VANC020587$2MF 606 $a00B25$xProceedings of conferences of miscellaneous specific interest [MSC 2020]$3VANC020732$2MF 610 $aCategorical Algebra$9KW:K 610 $aCategory of Rings$9KW:K 610 $aCommutative Monoid$9KW:K 610 $aCommutator theory$9KW:K 610 $aFrame$9KW:K 610 $aHomological Category$9KW:K 610 $aLocale$9KW:K 610 $aNon-Associative Algebra$9KW:K 610 $aNormal Subobject$9KW:K 610 $aPoint-free topology$9KW:K 610 $aRegular Category$9KW:K 610 $aSemi-abelian Category$9KW:K 610 $aSplit Extension$9KW:K 610 $aTopological algebra$9KW:K 610 $aUniversal algebra$9KW:K 620 $aCH$dCham$3VANL001889 702 1$aClementino$bMaria Manuel$3VANV227497 702 1$aFacchini$bAlberto$3VANV024571 702 1$aGran$bMarino$3VANV139000 712 $aSpringer $3VANV108073$4650 801 $aIT$bSOL$c20240621$gRICA 856 4 $uhttps://doi.org/10.1007/978-3-030-84319-9$zE-book ? Accesso al full-text attraverso riconoscimento IP di Ateneo, proxy e/o Shibboleth 899 $aBIBLIOTECA DEL DIPARTIMENTO DI MATEMATICA E FISICA$1IT-CE0120$2VAN08 912 $fN 912 $aVAN0275020 950 $aBIBLIOTECA DEL DIPARTIMENTO DI MATEMATICA E FISICA$d08CONS e-book 8337 $e08eMF8337 20240430 996 $aNew perspectives in algebra, topology and categories$92899381 997 $aUNICAMPANIA LEADER 02888oam 2200481I 450 001 9910965708703321 005 20251117081857.0 010 $a90-04-31149-1 024 7 $a10.1163/9789004311497 035 $a(CKB)3710000000865080 035 $a(MiAaPQ)EBC4734091 035 $a(OCoLC)953708978 035 $a(nllekb)BRILL9789004311497 035 $a(EXLCZ)993710000000865080 100 $a20160808d2017 uy 0 101 0 $aeng 135 $aurcnu|||||||| 181 $2rdacontent 182 $2rdamedia 183 $2rdacarrier 200 10$aNon-refoulement under the European Convention on Human Rights and the UN Convention Against Torture $ethe assessment of individual complaints by the European Court of Human Rights under Article 3 ECHR and the United Nations Committee Against Torture under Article 3 CAT /$fby Fanny de Weck 205 $a1st ed. 210 1$aLeiden ;$aBoston :$cBrill Nijhoff,$d[2017] 215 $a1 online resource (548 pages) 225 1 $aInternational refugee law series,$x2213-3836 ;$vv. 6 300 $aBased on the author's thesis (Dr. iur -- Universita?t Luzern, 2014). 311 08$a90-04-31148-3 320 $aIncludes bibliographical references (p. 491-496) and index. 327 $aPreliminary Material -- Introduction -- The Individual Complaint Mechanisms in Light of the Non-refoulement Principle -- The Nature of the Harm Triggering the Application of the Non-refoulement Principle under the ECHR and the CAT -- Assessment of Risk -- Summary and Concluding Remarks -- Bibliography -- Index. 330 $aThis volume offers a comprehensive analysis and comparison of the case law and practice of the European Court of Human Rights and the United Nations Committee against Torture in individual cases concerning the principle of non-refoulement. It covers both procedural and material aspects relevant in expulsion and extradition cases submitted by individuals under Article 3 of the European Convention on Human Rights (ECHR) or Article 3 of the United Nations Convention against Torture and other Cruel, Inhuman or Degrading Treatment or Punishment (CAT). The book is a particularly helpful tool for asylum lawyers, human rights advocates, and other practitioners. It is also a reference work of significant value to scholars interested in non-refoulement under both conventions and in the context of human rights or refugee law in general. 410 0$aInternational Refugee Law Series$v6. 606 $aRefoulement 606 $aRefoulement$2fast 615 0$aRefoulement. 615 7$aRefoulement. 676 $a341.4/86 700 $aDe Weck$b Fanny$01879391 801 0$bNL-LeKB 801 1$bNL-LeKB 906 $aBOOK 912 $a9910965708703321 996 $aNon-refoulement under the European Convention on Human Rights and the UN Convention Against Torture$94492563 997 $aUNINA